[Event "Najdorf Mem Open A 2016"]
[Site "Warsaw POL"]
[Date "2016.07.11"]
[Round "4.57"]
[White "Raja, Harshit"]
[Black "Wisniewski, Michal"]
[Result "1-0"]
[WhiteElo "2351"]
[BlackElo "2235"]
[WhiteFideId "5089000"]
[BlackFideId "1159682"]
[EventDate "2016.07.08"]

1. e4 c5 2. Nf3 d6 3. d4 cxd4 4. Nxd4 Nf6 5. Nc3 g6 6. Be3 Bg7 7. f3 Nc6 8. Qd2
O-O 9. O-O-O d5 10. Qe1 e5 11. Nxc6 bxc6 12. exd5 Nxd5 13. Bc4 Be6 14. Ne4 Qc7
15. Bc5 Rfd8 16. Qh4 h6 17. g4 Nf4 18. Bxe6 Nxe6 19. Qe7 Bf8 20. Qxc7 Nxc7 21.
Nf6+ Kg7 22. Bxf8+ Rxf8 23. Nd7 Rfe8 24. Rhe1 e4 25. Rxe4 Rxe4 26. fxe4 Re8 27.
Nc5 Re5 28. b4 Ne6 29. Nxe6+ Rxe6 30. Rd4 Kf6 31. Kd2 Kg5 32. Kd3 Re7 33. h3 Kh4
34. Ke3 Kxh3 35. Kf4 g5+ 36. Kf5 Kg3 37. Rd3+ Kf2 38. Rd6 Rc7 39. Rxh6 c5 40.
bxc5 Rxc5+ 41. e5 Kg3 42. Ra6 Kh4 43. Rxa7 Rxc2 44. Rxf7 Rf2+ 45. Kg6 Rxa2 46.
Rf5 Ra6+ 47. Rf6 Ra1 48. e6 Re1 49. Kf7 Kxg4 50. e7 Rxe7+ 51. Kxe7 Kh3 52. Ke6
g4 53. Kf5 g3 54. Kf4 1-0

[Event "Najdorf Mem Open A 2016"]
[Site "Warsaw POL"]
[Date "2016.07.11"]
[Round "4.58"]
[White "Buckels, Valentin"]
[Black "Smieszek, Wojciech"]
[Result "0-1"]
[WhiteElo "2332"]
[BlackElo "2217"]
[WhiteFideId "12942766"]
[BlackFideId "1156047"]
[EventDate "2016.07.08"]

1. d4 Nf6 2. c4 c5 3. d5 e6 4. Nc3 exd5 5. cxd5 d6 6. Nf3 g6 7. Bf4 Bg7 8. Qa4+
Bd7 9. Qb3 Qc7 10. e4 O-O 11. Be2 Nh5 12. Be3 f5 13. e5 Na6 14. e6 Be8 15. O-O
Rc8 16. Bb5 Qe7 17. Bg5 Nf6 18. Bxe8 Rfxe8 19. Nd2 Rb8 20. Nb5 Nc7 21. Nc4 Nxb5
22. Qxb5 a6 23. Qb3 b5 24. Na5 c4 25. Qf3 Qc7 26. Nc6 Rbc8 27. Bxf6 Bxf6 28.
Rab1 Rxe6 29. dxe6 Qxc6 30. Qxc6 Rxc6 31. Rfe1 Kf8 32. a3 Ke7 33. Re3 d5 34. Rh3
h5 35. Rg3 g5 36. Rf3 f4 37. g3 Rxe6 38. gxf4 g4 39. Re3 d4 40. Ree1 d3 41. Kf1
Bd4 42. f5 Rxe1+ 43. Kxe1 h4 44. h3 gxh3 45. Kd2 Bxf2 46. Rh1 Kf6 47. Rxh3 Bg3
48. b3 Kxf5 49. Rh1 Kg4 50. a4 Bf4+ 51. Kc3 cxb3 52. axb5 axb5 53. Kxd3 b2 54.
Kc2 Bc1 55. Rg1+ Kf3 56. Rf1+ Kg2 57. Rf8 h3 58. Rg8+ Kf3 59. Rh8 Kg4 60. Re8 h2
61. Rh8 Bf4 62. Rh7 Bg3 0-1

[Event "Najdorf Mem Open A 2016"]
[Site "Warsaw POL"]
[Date "2016.07.11"]
[Round "4.59"]
[White "Cajbel, Maciej"]
[Black "Adamski, Jan"]
[Result "1/2-1/2"]
[BlackTitle "IM"]
[WhiteElo "2208"]
[BlackElo "2279"]
[WhiteFideId "1123475"]
[BlackFideId "1100190"]
[EventDate "2016.07.08"]

1. e4 c5 2. Nf3 a6 3. c3 g6 4. d4 cxd4 5. cxd4 d5 6. e5 Bg4 7. Qb3 Ra7 8. Nc3
Bxf3 9. gxf3 e6 10. Be3 Nc6 11. O-O-O Nge7 12. Bd3 Na5 13. Qa4+ Nec6 14. Kb1 Be7
15. Qc2 Nb4 16. Qe2 b5 17. Ka1 Nxd3 18. Qxd3 Nc6 1/2-1/2

[Event "Najdorf Mem Open A 2016"]
[Site "Warsaw POL"]
[Date "2016.07.11"]
[Round "4.60"]
[White "Kumala, Aleksander"]
[Black "Thorarinsson, Pall A."]
[Result "1/2-1/2"]
[WhiteElo "2207"]
[BlackElo "2274"]
[WhiteFideId "1141880"]
[BlackFideId "2300923"]
[EventDate "2016.07.08"]

1. e4 d6 2. d4 Nf6 3. Nc3 g6 4. Be2 Bg7 5. h4 c5 6. dxc5 Qa5 7. Kf1 Qxc5 8. Be3
Qa5 9. h5 gxh5 10. Nh3 Nc6 11. Nf4 Ng4 12. Rxh5 Nxe3+ 13. fxe3 Qd8 14. Qe1 Bd7
15. Rd1 Ne5 16. Qg3 Ng6 17. Kg1 Bxc3 18. bxc3 Nxf4 19. exf4 Qb6+ 20. Kh2 O-O-O
21. Rd4 Bc6 22. Rb4 Qc7 23. Qe3 Kb8 24. Bb5 e5 25. Bxc6 Qxc6 26. fxe5 dxe5 27.
Rxe5 Qd6 28. Qc5 Qxc5 29. Rxc5 Rc8 30. Rf5 Rc7 31. c4 Rd8 32. Kg3 Rd2 33. Rf2
Rd4 34. Re2 a5 35. Rb5 a4 36. c5 Rc4 37. Kf4 R7xc5 38. Rxc5 Rxc5 39. e5 Kc7 40.
Ke4 Kd7 41. Kd4 Rb5 42. c4 Rb1 43. Rf2 Ke7 44. g3 b5 45. cxb5 Rxb5 46. Rf3 Rb4+
47. Kd5 Rg4 1/2-1/2

[Event "Najdorf Mem Open A 2016"]
[Site "Warsaw POL"]
[Date "2016.07.11"]
[Round "4.61"]
[White "Paszewski, Mateusz"]
[Black "Rey, Fabrice"]
[Result "1-0"]
[WhiteElo "2270"]
[BlackElo "2128"]
[WhiteFideId "1141058"]
[BlackFideId "606820"]
[EventDate "2016.07.08"]

1. c4 Nf6 2. Nc3 e6 3. d4 Bb4 4. Qc2 d5 5. cxd5 exd5 6. Bg5 c5 7. dxc5 O-O 8. e3
Nc6 9. a3 Bxc5 10. Bxf6 gxf6 11. O-O-O Be6 12. Bd3 Ne5 13. Bxh7+ Kg7 14. Be4 Rc8
15. Nge2 Qa5 16. Bxd5 b5 17. Bxe6 fxe6 18. Kb1 b4 19. axb4 Bxb4 20. f4 Nf7 21.
Rd3 Rc6 22. Nd4 Ra6 23. Nb3 Qb6 24. e4 Rb8 25. e5 f5 26. g4 fxg4 27. h3 Qb7 28.
Rg1 Bxc3 29. Rxc3 Rb6 30. Rc7 Qd5 31. Rxg4+ Kf8 32. Rg8+ Kxg8 33. Qg6+ 1-0

[Event "Najdorf Mem Open A 2016"]
[Site "Warsaw POL"]
[Date "2016.07.11"]
[Round "4.62"]
[White "Flak, Pawel"]
[Black "Molenda, Marcin"]
[Result "0-1"]
[WhiteElo "2204"]
[BlackElo "2267"]
[WhiteFideId "1117548"]
[BlackFideId "1173065"]
[EventDate "2016.07.08"]

1. d4 d5 2. Nf3 Nf6 3. c4 c6 4. g3 g6 5. Bg2 Bg7 6. O-O O-O 7. Nc3 dxc4 8. a4 a5
9. e4 Bg4 10. Be3 e5 11. h3 Bxf3 12. Bxf3 exd4 13. Qxd4 Nd5 14. Qd2 Nxe3 15.
Qxe3 Qe7 16. Be2 Qb4 17. e5 Nd7 18. f4 Rfe8 19. Ne4 Rad8 20. Rfd1 Nb6 21. Qc3
Rxd1+ 22. Bxd1 Rd8 23. Be2 Bf8 24. Kf2 Bc5+ 25. Kf3 Bd4 26. Qxb4 axb4 27. Rb1
Ra8 28. Nd6 Rxa4 29. Bxc4 Nxc4 30. Nxc4 Ra2 31. Ke4 c5 32. b3 Rh2 33. h4 Rg2 34.
Nd6 Rxg3 35. h5 Rh3 36. hxg6 hxg6 37. Nxb7 g5 38. Kf5 gxf4 39. Kxf4 Rh5 40. Na5
Bxe5+ 41. Kg4 Rh2 42. Rc1 Rg2+ 43. Kf3 Rg3+ 44. Ke4 Bd4 45. Nc6 Rc3 46. Rxc3
bxc3 47. Kd3 Bf6 48. Na7 Kg7 49. Nb5 Kg6 50. Na3 Bg7 51. Kc4 f5 52. Nc2 f4 53.
Kd3 Kf5 54. Ne1 Kg4 55. Ke2 Kg3 56. Kf1 f3 57. Nc2 Kf4 58. Ke1 Ke4 59. Kf2 Bd4+
60. Kf1 Be3 61. b4 cxb4 62. Nxb4 Bc5 63. Nc2 Kd3 64. Ne1+ Ke3 65. Nc2+ Kd2 66.
Nd4 c2 67. Nxf3+ Ke3 0-1

[Event "Najdorf Mem Open A 2016"]
[Site "Warsaw POL"]
[Date "2016.07.11"]
[Round "4.63"]
[White "Gumularz, Szymon"]
[Black "Dzierzak, Radoslaw"]
[Result "1-0"]
[WhiteElo "2267"]
[BlackElo "2204"]
[WhiteFideId "1188062"]
[BlackFideId "1161407"]
[EventDate "2016.07.08"]

1. d4 Nf6 2. c4 e6 3. Nf3 Bb4+ 4. Nbd2 d6 5. Qc2 O-O 6. e4 e5 7. d5 a5 8. Be2 a4
9. a3 Ba5 10. O-O Bb6 11. Ne1 Nbd7 12. Nd3 Nc5 13. Nxc5 Bxc5 14. b4 axb3 15.
Nxb3 Nd7 16. a4 b6 17. Bd2 Bb7 18. a5 c6 19. Rfb1 cxd5 20. cxd5 bxa5 21. Nxa5
Qh4 22. g3 Qf6 23. Be1 Ba6 24. Nc6 Bxe2 25. Qxe2 h6 26. Kg2 Kh7 27. f3 Bd4 28.
Rxa8 Rxa8 29. Ba5 Nc5 30. Qc2 h5 31. h4 g5 32. Rh1 g4 33. fxg4 hxg4 34. Rf1 Qg6
35. Rf5 Nb7 36. Ne7 Qh6 37. Bd2 Be3 38. Bxe3 Qxe3 39. Rxf7+ 1-0

[Event "Najdorf Mem Open A 2016"]
[Site "Warsaw POL"]
[Date "2016.07.11"]
[Round "4.64"]
[White "Piotrowski, Przemyslaw"]
[Black "Reza, Wojciech"]
[Result "1/2-1/2"]
[WhiteElo "2201"]
[BlackElo "2266"]
[WhiteFideId "1127063"]
[BlackFideId "1151967"]
[EventDate "2016.07.08"]

1. d4 Nf6 2. Nf3 g6 3. g3 Bg7 4. Bg2 O-O 5. O-O d6 6. c4 Nbd7 7. Nc3 e5 8. e4 c6
9. h3 Qb6 10. Re1 exd4 11. Nxd4 Re8 12. Nc2 Ne5 13. Be3 Qa5 14. b4 Qc7 15. Qe2
Be6 16. Na3 Nfd7 17. Rac1 Nb6 18. Nd5 Qd8 19. Nf4 Bd7 20. Red1 Qf6 21. c5 dxc5
22. bxc5 Nc8 23. Bd4 Qe7 24. Nc4 Nxc4 25. Bxg7 Kxg7 26. Rxc4 b6 27. Qb2+ Kg8 28.
Rcd4 Be6 29. Nxe6 Qxe6 30. Rc1 bxc5 31. Rxc5 Nb6 32. e5 Nd7 33. Rxc6 Qxe5 34.
Qd2 Nb6 35. Kh2 Rac8 36. Re4 Qb8 37. Rh4 Qe5 38. Re4 Qb8 39. Rxc8 Qxc8 40. Rh4
Qc7 41. Qh6 f5 42. Qd2 Rd8 43. Qe3 Qd6 44. Qb3+ Kg7 45. Qc3+ Kg8 46. Qb3+ Kg7
47. Qc3+ 1/2-1/2

[Event "Najdorf Mem Open A 2016"]
[Site "Warsaw POL"]
[Date "2016.07.11"]
[Round "4.65"]
[White "Michalczak, Thomas"]
[Black "Garbowski, Jakub"]
[Result "1/2-1/2"]
[WhiteTitle "FM"]
[WhiteElo "2249"]
[BlackElo "2102"]
[WhiteFideId "4622634"]
[BlackFideId "1164929"]
[EventDate "2016.07.08"]

1. e4 c5 2. Nf3 e6 3. d4 cxd4 4. Nxd4 Nf6 5. Nc3 d6 6. g4 h6 7. h4 a6 8. Rg1 d5
9. exd5 Nxd5 10. Nxd5 Qxd5 11. Bg2 Qc4 12. a3 Nd7 13. Be3 Nf6 14. Qd2 Nd5 15.
O-O-O Bd7 16. Nb3 Rc8 17. Kb1 Be7 18. Na5 Qa4 19. Bd4 O-O 20. Bxd5 exd5 21. h5
b6 22. Nb3 Rc6 23. Rde1 Be6 24. g5 hxg5 25. Bxg7 Kxg7 26. Rxg5+ Kh7 27. Reg1 Bf6
28. h6 Qe4 29. Rg7+ Bxg7 30. hxg7 Rg8 31. Nd4 Rc4 32. Qg5 Qg6 33. Rh1+ Kxg7 34.
Nxe6+ fxe6 35. Qe7+ Qf7 36. Rg1+ Kh6 37. Rh1+ Kg7 38. Rh7+ Kxh7 39. Qxf7+ Rg7
40. Qh5+ Kg8 41. Qe8+ Kh7 42. Qxe6 Rg6 43. Qxd5 Rc7 44. Qh5+ Rh6 45. Qf5+ Rg6
46. c4 Re7 47. Kc2 Kg7 48. Kc3 Rf7 49. Qe5+ Kh7 50. Qh5+ Kg7 51. Qe5+ Kh7 52.
Kd3 Rxf2 53. Qe7+ Kg8 54. Qe8+ Kg7 55. Qe5+ Rgf6 56. Qg3+ Kf7 57. Qc7+ Kg6 58.
Qg3+ Kf7 59. Qc7+ Kg6 60. Qg3+ Kf7 1/2-1/2

[Event "Najdorf Mem Open A 2016"]
[Site "Warsaw POL"]
[Date "2016.07.11"]
[Round "4.66"]
[White "Jakubiec, Edyta"]
[Black "Szostko, Jakub"]
[Result "1-0"]
[WhiteTitle "WIM"]
[BlackTitle "FM"]
[WhiteElo "2176"]
[BlackElo "2246"]
[WhiteFideId "1114158"]
[BlackFideId "1174282"]
[EventDate "2016.07.08"]

1. e4 c5 2. Nf3 e6 3. d4 cxd4 4. Nxd4 Nf6 5. Nc3 d6 6. g4 e5 7. Nf5 h5 8. g5
Nxe4 9. Nxg7+ Bxg7 10. Nxe4 d5 11. Ng3 Nc6 12. Nxh5 Rxh5 13. Qxh5 Nd4 14. Bd3 e4
15. c3 Nf3+ 16. Kf1 Qd7 17. h3 Qa4 18. Be2 Ne5 19. Qh7 Bf8 20. Qh8 Ng6 21. Qd4
Qc6 22. c4 Be6 23. cxd5 Bxd5 24. Be3 Qe6 25. Rd1 Ne7 26. Bb5+ Bc6 27. Bxc6+ bxc6
28. Qd6 Qf5 29. Qf4 Qe6 30. Rd4 Qxa2 31. Qxe4 Qxb2 32. Rb4 Qa3 33. Kg2 a5 34.
Rd4 Bg7 35. Rc4 Qd6 36. Bc5 Qe6 37. Re1 Nf5 38. Qxf5 1-0

[Event "Najdorf Mem Open A 2016"]
[Site "Warsaw POL"]
[Date "2016.07.11"]
[Round "4.67"]
[White "Zlatin, Alexander"]
[Black "Masse, Hugues"]
[Result "1-0"]
[WhiteElo "2146"]
[BlackElo "2204"]
[WhiteFideId "2810549"]
[BlackFideId "2604264"]
[EventDate "2016.07.08"]

1. e4 e6 2. d4 d5 3. Nd2 Be7 4. Ngf3 Nf6 5. e5 Nfd7 6. Bd3 c5 7. c3 Nc6 8. O-O
g5 9. dxc5 g4 10. Nd4 Ncxe5 11. Bb5 a6 12. Bxd7+ Bxd7 13. N2b3 h5 14. Re1 Nc4
15. Qe2 Qc7 16. Nf5 Bf6 17. Ne3 Nxe3 18. Bxe3 O-O-O 19. Bd4 Qf4 20. Bxf6 Qxf6
21. Nd4 Qe7 22. b4 Rde8 23. Nf5 Qf6 24. Nd6+ Kc7 25. Nxe8+ Bxe8 26. Qe3 Bb5 27.
a4 Bc4 28. b5 axb5 29. axb5 Bxb5 30. Qg3+ 1-0

[Event "Najdorf Mem Open A 2016"]
[Site "Warsaw POL"]
[Date "2016.07.11"]
[Round "4.68"]
[White "Eswaran, Ashritha"]
[Black "Fieberg, Samuel"]
[Result "1/2-1/2"]
[WhiteTitle "WIM"]
[WhiteElo "2211"]
[BlackElo "2132"]
[WhiteFideId "2080788"]
[BlackFideId "12901717"]
[EventDate "2016.07.08"]

1. e4 c5 2. Nf3 d6 3. d4 cxd4 4. Nxd4 Nf6 5. Nc3 a6 6. g3 e5 7. Nde2 Be7 8. Bg2
Be6 9. a4 O-O 10. O-O Qc7 11. h3 Nbd7 12. g4 Rac8 13. Ng3 g6 14. a5 Bc4 15. Re1
b5 16. axb6 Nxb6 17. Be3 Nfd7 18. Kh2 Rfd8 19. Rc1 Be6 20. Bf1 Qb7 21. Nd5 Nxd5
22. exd5 Bxd5 23. Bxa6 Qxa6 24. Qxd5 Nb6 25. Qd3 Qxd3 26. cxd3 Nd5 27. Bd2 Rxc1
28. Rxc1 Rb8 29. Bc3 f6 30. Nf1 Kf7 31. Ne3 Ke6 32. Nxd5 Kxd5 33. Kg2 f5 34. Ra1
Rb7 35. Ra5+ Ke6 36. Ra6 Bg5 37. Kf1 Bc1 38. Ra1 Bf4 39. Ke2 fxg4 40. hxg4 h5
41. gxh5 gxh5 42. Rh1 Rh7 43. Bd2 Kf5 44. Bxf4 Kxf4 45. b4 h4 46. b5 h3 47. b6
Kg4 48. Ke3 d5 49. f3+ Kg3 50. Rg1+ Kh4 51. Rb1 Rb7 52. Kf2 Kg5 53. Kg3 h2 54.
Kxh2 Kf4 55. Kg2 Ke3 56. Rb3 d4 57. Kg3 Kd2 58. Kg4 Kc2 59. Rb5 Kxd3 60. Kf5 Ke2
61. Kxe5 d3 1/2-1/2

[Event "Najdorf Mem Open A 2016"]
[Site "Warsaw POL"]
[Date "2016.07.12"]
[Round "5.1"]
[White "Efimenko, Zahar"]
[Black "Melkumyan, Hrant"]
[Result "1-0"]
[WhiteTitle "GM"]
[BlackTitle "GM"]
[WhiteElo "2655"]
[BlackElo "2640"]
[WhiteFideId "14107201"]
[BlackFideId "13302485"]
[EventDate "2016.07.08"]

1. Nf3 Nf6 2. g3 c5 3. Bg2 g6 4. O-O Bg7 5. c4 O-O 6. Nc3 Nc6 7. d4 cxd4 8. Nxd4
d6 9. Nxc6 bxc6 10. Bxc6 Rb8 11. Bg2 Qa5 12. Qd2 Be6 13. b3 Rxb3 14. axb3 Qxa1
15. Nb5 a6 16. Na7 Nd7 17. Nc6 Re8 18. Qb4 Qc3 19. Qxc3 Bxc3 20. Bg5 Kf8 21. Rc1
Bg7 22. b4 Nb6 23. Na5 Bb2 24. Rc2 Bf6 25. Bh6+ Bg7 26. Be3 Bf5 27. Ra2 Nd7 28.
Nc6 Be6 29. Bd5 Nb8 30. Nxb8 Rxb8 31. Rxa6 Bxd5 32. cxd5 Bc3 33. Ra3 Be5 34. Bd2
f5 35. f3 Ke8 36. Kf2 Bd4+ 37. e3 Bb6 38. Ke2 Kd7 39. Kd3 h5 40. h3 Kc7 41. e4
Kd7 42. Ra1 e6 43. dxe6+ Kxe6 44. Ra6 fxe4+ 45. fxe4 Rb7 46. Bf4 Rb8 47. h4 Kd7
48. e5 dxe5 49. Bxe5 Rb7 50. Kc4 Kc8 51. Ra8+ Kd7 52. Rb8 Rxb8 53. Bxb8 Kc6 54.
b5+ Kd7 55. Kd5 Be3 56. Be5 Bf2 57. Bd6 Be3 58. Bc5 Bd2 59. b6 Ba5 60. Be3 1-0

[Event "Najdorf Mem Open A 2016"]
[Site "Warsaw POL"]
[Date "2016.07.12"]
[Round "5.2"]
[White "Bartel, Mateusz"]
[Black "Sadzikowski, Daniel"]
[Result "1/2-1/2"]
[WhiteTitle "GM"]
[BlackTitle "IM"]
[WhiteElo "2649"]
[BlackElo "2551"]
[WhiteFideId "1112635"]
[BlackFideId "1132253"]
[EventDate "2016.07.08"]

1. e4 e5 2. Bc4 Nf6 3. d3 c6 4. Bb3 d5 5. Nf3 Bb4+ 6. Bd2 Bxd2+ 7. Qxd2 Qd6 8.
Qg5 Nbd7 9. exd5 cxd5 10. Nh4 g6 11. O-O h6 12. Qg3 Nh5 13. Qe3 d4 14. Qf3 O-O
15. Nd2 Nc5 16. Rfe1 Kg7 17. g3 Qc7 18. Nc4 Re8 19. Nd6 Rf8 20. Nb5 Qb8 21. Qd5
Nd7 22. Nxd4 Nhf6 23. Ndf5+ gxf5 24. Nxf5+ Kh7 25. Qf3 Qc7 26. d4 Qc6 27. Qxc6
bxc6 28. dxe5 Nd5 29. Rad1 Nc5 1/2-1/2

[Event "Najdorf Mem Open A 2016"]
[Site "Warsaw POL"]
[Date "2016.07.12"]
[Round "5.3"]
[White "Fier, Alexandr"]
[Black "Gajewski, Grzegorz"]
[Result "1/2-1/2"]
[WhiteTitle "GM"]
[BlackTitle "GM"]
[WhiteElo "2616"]
[BlackElo "2605"]
[WhiteFideId "2107139"]
[BlackFideId "1116207"]
[EventDate "2016.07.08"]

1. e4 e5 2. Nf3 Nc6 3. Bb5 Nf6 4. d3 Bc5 5. Bxc6 dxc6 6. Nbd2 Be6 7. Qe2 Nd7 8.
Nb3 Bb6 9. Ng5 Bxb3 10. axb3 Qe7 11. Nf3 O-O 12. Nd2 Nc5 13. Nc4 Ne6 14. O-O f5
15. Nxb6 cxb6 16. exf5 Nd4 17. Qd1 Rxf5 18. Be3 Qh4 19. Bxd4 Qxd4 20. c3 Qd5 21.
b4 a5 22. Re1 Raf8 23. Re2 axb4 24. cxb4 b5 25. Qd2 Qd4 26. Qc3 Rd8 27. Re3 h6
28. g3 Rf7 29. Rae1 Qxc3 30. bxc3 Rfd7 1/2-1/2

[Event "Najdorf Mem Open A 2016"]
[Site "Warsaw POL"]
[Date "2016.07.12"]
[Round "5.4"]
[White "Piorun, Kacper"]
[Black "Salem, A.R. Saleh"]
[Result "1/2-1/2"]
[WhiteTitle "GM"]
[BlackTitle "GM"]
[WhiteElo "2685"]
[BlackElo "2608"]
[WhiteFideId "1130420"]
[BlackFideId "9301348"]
[EventDate "2016.07.08"]

1. e4 e5 2. Nf3 Nc6 3. Bb5 a6 4. Ba4 Nf6 5. O-O b5 6. Bb3 Bb7 7. Re1 Bc5 8. c3
d6 9. d4 Bb6 10. Be3 O-O 11. Nbd2 exd4 12. cxd4 Nb4 13. Ng5 Qe7 14. Ndf3 h6 15.
a3 hxg5 16. Bxg5 Nc6 17. e5 dxe5 18. dxe5 Nxe5 19. Nxe5 Qc5 20. Bh4 Rae8 21. Rc1
Qd4 22. Qxd4 Bxd4 23. Nxf7 Rxe1+ 24. Rxe1 Bd5 25. Bxf6 Bxf2+ 26. Kxf2 Bxb3 27.
Ng5 Bd5 28. Re5 c6 29. Re7 Rxf6+ 30. Kg3 a5 31. a4 bxa4 32. Ra7 Rf5 33. h4 Bb3
34. Ra6 Kf8 35. Rxc6 Rb5 36. Rc8+ Ke7 37. Rc7+ Kf8 38. Rc8+ Ke7 39. Rc7+ 1/2-1/2

[Event "Najdorf Mem Open A 2016"]
[Site "Warsaw POL"]
[Date "2016.07.12"]
[Round "5.5"]
[White "Mista, Aleksander"]
[Black "Smirin, Ilia"]
[Result "0-1"]
[WhiteTitle "GM"]
[BlackTitle "GM"]
[WhiteElo "2584"]
[BlackElo "2676"]
[WhiteFideId "1110381"]
[BlackFideId "2801990"]
[EventDate "2016.07.08"]

1. e4 c5 2. Nf3 Nc6 3. d4 cxd4 4. Nxd4 Qb6 5. Nb3 Nf6 6. Bd3 e6 7. O-O Qc7 8. c4
Ne5 9. Nc3 d6 10. Bf4 a6 11. Rc1 b6 12. Bg3 Bb7 13. f4 Nxd3 14. Qxd3 Rc8 15. Qe3
Be7 16. e5 dxe5 17. fxe5 Nh5 18. Nd5 exd5 19. cxd5 Qd7 20. e6 fxe6 21. dxe6 Qd5
22. Rxc8+ Bxc8 23. Qxb6 Nxg3 24. hxg3 Qxe6 25. Qa5 Bd8 26. Qh5+ g6 27. Qd1 Be7
28. Re1 Qb6+ 29. Kh2 Rf8 30. Qd5 Qd8 31. Qe5 Kf7 0-1

[Event "Najdorf Mem Open A 2016"]
[Site "Warsaw POL"]
[Date "2016.07.12"]
[Round "5.6"]
[White "Kovalenko, Igor"]
[Black "Tomczak, Jacek"]
[Result "1-0"]
[WhiteTitle "GM"]
[BlackTitle "GM"]
[WhiteElo "2667"]
[BlackElo "2583"]
[WhiteFideId "14117908"]
[BlackFideId "1124668"]
[EventDate "2016.07.08"]

1. Nf3 Nf6 2. d4 e6 3. e3 c5 4. Bd3 Nc6 5. O-O d5 6. b3 Be7 7. Bb2 O-O 8. dxc5
Nd7 9. c4 Nxc5 10. Nc3 dxc4 11. Bxc4 Qxd1 12. Rfxd1 a6 13. Rac1 Rd8 14. Rxd8+
Nxd8 15. Ne5 f6 16. b4 Nd7 17. Nd3 Nb6 18. Bb3 a5 19. bxa5 Rxa5 20. Na4 Nxa4 21.
Rxc8 Ra6 22. Bd4 Kf8 23. f4 Nb6 24. Rc7 Nd5 25. Rc8 Rc6 26. Rb8 Nc3 27. Kf1 Ke8
28. g4 Kd7 29. Ra8 Kc7 30. Ra5 b6 31. Rh5 h6 32. g5 hxg5 33. Rh7 gxf4 34. Rxg7
Kd6 35. exf4 Ne4 36. Ke2 Nc5 37. Bxc5+ bxc5 38. Nb2 Ra6 39. Ba4 Nc6 40. Nc4+ Kd5
41. Ne3+ Kd6 42. Bxc6 Rxc6 43. Kd3 Kd7 44. Nc4 Rc7 45. h4 Ke8 46. h5 Rd7+ 47.
Kc3 Kf8 48. h6 Rd1 49. a4 Rc1+ 50. Kd3 Rd1+ 51. Kc2 Rh1 52. Rh7 Rh2+ 53. Kd3
Rh3+ 54. Ke2 Rc3 55. Nb6 Bd8 56. Nd7+ Kg8 57. Rg7+ Kh8 58. Nf8 1-0

[Event "Najdorf Mem Open A 2016"]
[Site "Warsaw POL"]
[Date "2016.07.12"]
[Round "5.7"]
[White "Sengupta, Deep"]
[Black "Areshchenko, Alexander"]
[Result "0-1"]
[WhiteTitle "GM"]
[BlackTitle "GM"]
[WhiteElo "2551"]
[BlackElo "2654"]
[WhiteFideId "5008352"]
[BlackFideId "14109530"]
[EventDate "2016.07.08"]

1. e4 c5 2. Nf3 d6 3. d4 cxd4 4. Nxd4 Nf6 5. Nc3 a6 6. Be3 e5 7. Nb3 Be6 8. h3
Be7 9. f4 exf4 10. Bxf4 Nc6 11. Qe2 Nd7 12. O-O-O Nce5 13. Kb1 Rc8 14. Qe3 O-O
15. g4 Re8 16. Nd4 Qa5 17. a3 Bf8 18. Qe1 b5 19. Bg2 Nc4 20. Nd5 Qd8 21. Qg3 Nc5
22. g5 Bxd5 23. exd5 Qb6 24. Nc6 a5 25. Bc1 b4 26. Bf1 Ne4 27. Qf3 Nc3+ 28. bxc3
bxc3+ 29. Ka2 Rb8 30. Nb4 Nxa3 31. Bxa3 axb4 32. Rb1 Qa5 33. Rb3 Ra8 0-1

[Event "Najdorf Mem Open A 2016"]
[Site "Warsaw POL"]
[Date "2016.07.12"]
[Round "5.8"]
[White "Gupta, Abhijeet"]
[Black "Donchenko, Alexander"]
[Result "1/2-1/2"]
[WhiteTitle "GM"]
[BlackTitle "GM"]
[WhiteElo "2630"]
[BlackElo "2583"]
[WhiteFideId "5010608"]
[BlackFideId "24603295"]
[EventDate "2016.07.08"]

1. d4 Nf6 2. c4 e6 3. Nc3 Bb4 4. e3 O-O 5. Ne2 Re8 6. a3 Bf8 7. Ng3 d5 8. Be2 c5
9. dxc5 dxc4 10. O-O Bxc5 11. Bxc4 a6 12. Qc2 Qc7 13. Bd3 Bd6 14. b4 a5 15. Bb2
axb4 16. Nb5 Qxc2 17. Bxc2 Bxg3 18. hxg3 Na6 19. Rfd1 bxa3 20. Rxa3 Rf8 21. Ra4
Bd7 22. Bxf6 Bxb5 23. Rg4 g6 24. Rh4 Rfc8 25. Rdd4 h5 26. Be4 Bc6 27. g4 Bxe4
28. Rxe4 Rc5 29. Kh2 Nc7 30. Bd4 Rg5 31. gxh5 Rxh5 32. Rxh5 gxh5 33. Rh4 Kf8 34.
Rxh5 Ke7 35. Bc5+ Kf6 36. e4 Kg6 37. Rh3 Ra4 38. Rg3+ Kh7 39. f3 Ne8 40. Rh3+
Kg7 41. Rg3+ Kh7 42. Rh3+ Kg7 43. Kg3 f5 44. exf5 exf5 45. Rh1 Rc4 46. Bb6 Nf6
47. Rb1 Kg6 48. Ba7 f4+ 49. Kh2 Rc7 50. Bd4 Nd5 51. Be5 Rh7+ 52. Kg1 Kf5 53. Bb8
b6 54. Re1 1/2-1/2

[Event "Najdorf Mem Open A 2016"]
[Site "Warsaw POL"]
[Date "2016.07.12"]
[Round "5.9"]
[White "Indjic, Aleksandar"]
[Black "Khairullin, Ildar"]
[Result "0-1"]
[WhiteTitle "GM"]
[BlackTitle "GM"]
[WhiteElo "2547"]
[BlackElo "2629"]
[WhiteFideId "911925"]
[BlackFideId "4151348"]
[EventDate "2016.07.08"]

1. d4 d5 2. c4 c6 3. Nf3 Nf6 4. Nc3 dxc4 5. a4 e6 6. e3 c5 7. Bxc4 Nc6 8. O-O
cxd4 9. exd4 Be7 10. Be3 O-O 11. Qe2 b6 12. Rad1 Na5 13. Ba2 Bb7 14. Bg5 Re8 15.
Ne5 Nd5 16. Bc1 Rc8 17. Rd3 Bf6 18. Rh3 Rc7 19. Qh5 h6 20. Rg3 Nb4 21. Bxh6 Nxa2
22. Nb5 Be4 23. Nxc7 Qxc7 24. Bg5 Bxg5 25. Qxg5 f6 26. Qxf6 Nc1 27. Kh1 Ne2 28.
Rg5 Bf5 29. Ng4 Nf4 30. Qh6 Bxg4 31. Rxg4 Nd5 32. Qh3 Nf6 33. Rh4 Kf7 34. Re1
Nc6 35. Qc3 Qd6 36. Rc1 Ne7 37. Qf3 Nf5 38. Rf4 g5 39. Rxf5 exf5 40. Qxf5 Qxd4
41. Qxg5 Qxf2 42. Rc7+ Re7 43. Rxe7+ Kxe7 44. Qe5+ Kf7 45. h3 a5 46. Kh2 Qc2 47.
Qd4 Qc7+ 48. Kg1 Qc6 49. g4 Qf3 50. Qxb6 Qg3+ 51. Kf1 Qxh3+ 52. Ke1 Qh1+ 53. Kd2
Qd5+ 54. Kc2 Nxg4 55. Qc7+ Kg6 56. Qb6+ Kf5 57. b4 Qa2+ 58. Kc3 Qa3+ 59. Kc4
Ne5+ 60. Kb5 Qd3+ 0-1

[Event "Najdorf Mem Open A 2016"]
[Site "Warsaw POL"]
[Date "2016.07.12"]
[Round "5.10"]
[White "Perunovic, Milos"]
[Black "Lalith, Babu M R"]
[Result "1/2-1/2"]
[WhiteTitle "GM"]
[BlackTitle "GM"]
[WhiteElo "2627"]
[BlackElo "2565"]
[WhiteFideId "921629"]
[BlackFideId "5024595"]
[EventDate "2016.07.08"]

1. e4 e5 2. Nf3 Nc6 3. Bb5 a6 4. Ba4 Nf6 5. O-O b5 6. Bb3 Nxe4 7. d4 d5 8. dxe5
Be6 9. Nbd2 Nc5 10. c3 Be7 11. Bc2 d4 12. Nb3 d3 13. Bb1 Nxb3 14. axb3 Bf5 15.
Re1 O-O 16. b4 Qd7 17. Bf4 Rfd8 18. h4 h6 19. Re3 a5 20. bxa5 Rxa5 21. Rxa5 Nxa5
22. Nd4 Bxh4 23. e6 fxe6 24. Nxf5 exf5 25. Rxd3 Qe7 26. Rxd8+ Qxd8 27. Qe2 Qe7
28. Qxe7 Bxe7 29. Bxc7 Nc4 30. b3 Nd6 31. Bd3 Kf7 32. f3 Ke6 33. Kf2 Kd5 34. Ke3
Kc6 35. Bb8 Bf6 36. Kd2 Be5 37. Bxd6 Bxd6 38. Bxf5 b4 1/2-1/2